| 000 | 01731cam a2200385 a 4500 | ||
|---|---|---|---|
| 999 |
_c529666 _d529666 |
||
| 001 | 693394 | ||
| 003 | NUST | ||
| 005 | 20191001112507.0 | ||
| 008 | 960521s1996 dcu b 000 0 eng d | ||
| 010 | _a 96060588 | ||
| 020 | _a0309058724 | ||
| 035 | _a(OCoLC)35332353 | ||
| 038 | _aMSOHAIL | ||
| 040 |
_aCU-IT _cCU-IT _dDLC |
||
| 042 | _alccopycat | ||
| 050 | 0 | 0 |
_aTG315 _b.T47 1996 |
| 082 | 0 | 0 |
_a624.20288 _221 |
| 100 | 1 |
_aThompson, Paul D. _922118 |
|
| 245 | 1 | 0 |
_aCollecting and managing cost data for bridge management systems / _cPaul D. Thompson and Michael J. Markow. |
| 260 |
_aWashington, D.C. : _bNational Academy Press, _c1996. |
||
| 300 |
_a49 p. ; _c28 cm. |
||
| 440 | 0 |
_aSynthesis of highway practice, _x0547-5570 ; _v227 _922119 |
|
| 500 | _a"Transportation Research Board, National Research Council." | ||
| 500 | _a"Research sponsored by the American Association of State Highway and Transportation Officials in Cooperation with the Federal Highway Administration." | ||
| 504 | _aIncludes bibliographical references (p. 34). | ||
| 650 | 0 |
_aBridges _xMaintenance and repair _xManagement _xData processing. _922120 |
|
| 650 | 0 |
_aBridges _xMaintenance and repair _xCosts _xData processing. _922121 |
|
| 700 | 1 |
_aMarkow, Michael J. _922122 |
|
| 710 | 2 |
_aNational Research Council (U.S.). _bTransportation Research Board. _919676 |
|
| 710 | 2 |
_aAmerican Association of State Highway and Transportation Officials. _919553 |
|
| 710 | 1 |
_aUnited States. _bFederal Highway Administration. _920149 |
|
| 906 |
_a7 _bcbc _ccopycat _d2 _eopcn _f19 _gy-gencatlg |
||
| 942 |
_2ddc _cBK |
||